[Event "AUTO-OPEN-2241"]
[Site "http://www.queenalice.com/game.php?id=891198"]
[Date "2011.1.25"]
[Round "1"]
[White "celsolrc"]
[Black "CRICARDOP"]
[Result "1-0"]
[WhiteElo "1975"]
[BlackElo "1100"]

1. c4 Nf6 2. Nc3 e6 3. g3 Ng4 4. Bg2 Qf6 5. Nf3 Ne5 6. O-O Nxf3+ 7. Bxf3 Nc6 8.
e3 Ne5 9. Be2 h5 10. d4 Ng4 11. Bxg4 hxg4 12. Qxg4 Qh6 13. h4 Qg6 14. Qxg6 fxg6
15. e4 a5 16. b3 Rh5 17. Nb5 Kd8 18. Bg5+ Ke8 19. Nxc7+ Kf7 20. Nxa8 Bd6 21. Nb6
Bb4 22. Nxc8 Bc3 23. Rad1 b6 24. Nxb6 Bb2 25. Nxd7 Rh8 26. Ne5+ Kg8 27. Nxg6 Rh7
28. g4 e5 29. Nxe5 Ba3 30. c5 Bb4 31. Nc6 Bc3 32. e5 Rxh4 33. Bxh4 1-0

[Event "AUTO-OPEN-2241"]
[Site "http://www.queenalice.com/game.php?id=891199"]
[Date "2011.1.25"]
[Round "1"]
[White "CRICARDOP"]
[Black "celsolrc"]
[Result "0-1"]
[WhiteElo "1100"]
[BlackElo "1973"]

1. Nf3 e6 2. Ne5 Qf6 3. Ng4 Qg5 4. Ne3 f5 5. Nc3 Nc6 6. h4 Qh5 7. Rh3 Nf6 8. Nb5
Bd6 9. Nxd6+ cxd6 10. Nc4 d5 11. Nd6+ Ke7 12. Nxc8+ Raxc8 13. e3 Qxd1+ 14. Kxd1
d4 15. exd4 Nxd4 16. b3 Nxc2 17. Ba3+ Nxa3 18. b4 Nc2 19. Rc1 Nxb4 20. a3 Rxc1+
21. Kxc1 Rc8+ 22. Rc3 Na2+ 23. Kb2 Nxc3 24. dxc3 Ne4 25. Bd3 Nxc3 26. f3 Nd5 27.
g4 Nf4 28. Bc2 g6 29. gxf5 gxf5 30. h5 Nxh5 31. f4 Nxf4 32. Kb3 h5 0-1

[Event "AUTO-OPEN-2241"]
[Site "http://www.queenalice.com/game.php?id=891218"]
[Date "2011.1.25"]
[Round "1"]
[White "CRICARDOP"]
[Black "BIBIU16"]
[Result "0-1"]
[WhiteElo "1100"]
[BlackElo "2116"]

1. Nf3 Nf6 2. e3 g6 3. Nc3 Bg7 4. Ng5 h6 5. Nge4 O-O 6. Nxf6+ Bxf6 7. Ne4 Bg7 8.
Ke2 d5 9. Nc5 b6 10. Nb3 Nc6 11. Ke1 a5 12. h4 a4 13. Nd4 Nxd4 14. exd4 Bxd4 15.
Rh3 Bxh3 16. gxh3 a3 17. Rb1 e6 18. bxa3 Qxh4 19. Qf3 Qf6 20. Qxf6 Bxf6 21. d4
Bxd4 22. Bxh6 Bg7 23. Bf4 e5 24. Bg5 f6 25. Bd2 Rfd8 26. h4 Rxa3 27. h5 gxh5 28.
Rb3 Rxa2 29. Bh3 Kf7 30. Rf3 Rxc2 31. Rd3 e4 32. Re3 Bh6 33. Re2 Bxd2+ 34. Rxd2
Rxd2 35. Kxd2 c5 36. f4 d4 37. Bf5 e3+ 38. Ke2 c4 39. Bh7 b5 0-1

[Event "AUTO-OPEN-2241"]
[Site "http://www.queenalice.com/game.php?id=891219"]
[Date "2011.1.25"]
[Round "1"]
[White "BIBIU16"]
[Black "CRICARDOP"]
[Result "1-0"]
[WhiteElo "2115"]
[BlackElo "1100"]

1. e4 Nh6 2. d4 a5 3. Bxh6 gxh6 4. Nf3 Rg8 5. Rg1 e6 6. Bd3 Na6 7. e5 Rg4 8.
Bxh7 Qe7 9. h3 Re4+ 10. Bxe4 Qb4+ 11. Nbd2 Qxb2 12. Qb1 Qc3 13. Qb3 Qxa1+ 14.
Ke2 a4 15. Qxe6+ fxe6 16. Rxa1 Nb4 17. c3 Nd5 18. Bxd5 exd5 19. Nh4 Ra6 20. f4
Rc6 21. Rc1 Ba3 22. Rc2 Rc4 23. Nxc4 Be7 24. Nf5 Bg5 25. fxg5 hxg5 26. Nce3 b6
27. Nxd5 Ba6+ 28. Ke3 Bc4 29. Nf6+ Kf7 30. Rf2 Kg6 31. g4 d6 32. Nd7 dxe5 33.
Nxe5+ Kf6 34. Nxc4 c5 35. d5 a3 36. Ke4 Kg6 37. d6 b5 38. d7 bxc4 39. d8=Q 1-0

[Event "Challenge"]
[Site "http://www.queenalice.com/game.php?id=891732"]
[Date "2011.1.27"]
[Round "-"]
[White "ananda"]
[Black "CRICARDOP"]
[Result "1-0"]
[WhiteElo "1716"]
[BlackElo "1100"]

1. d4 e6 2. Nf3 Nf6 3. c4 Ne4 4. Qc2 Ng5 5. Bxg5 Bb4+ 6. Nbd2 f6 7. Be3 Nc6 8.
a3 Bxd2+ 9. Bxd2 f5 10. e4 fxe4 11. Bg5 Ne7 12. Qxe4 c6 13. Qe5 h6 14. Qxg7 Rg8
15. Qxh6 Qa5+ 16. b4 Qa4 17. Bd3 Qb3 18. Qh5+ Ng6 19. Bxg6+ Kf8 20. Qh6+ Rg7 21.
Qh8+ Rg8 22. Qf6# 1-0

[Event "Challenge"]
[Site "http://www.queenalice.com/game.php?id=892104"]
[Date "2011.1.27"]
[Round "-"]
[White "Sonia"]
[Black "CRICARDOP"]
[Result "1-0"]
[WhiteElo "1717"]
[BlackElo "1100"]

1. e4 e6 2. d4 Bb4+ 3. c3 Ba5 4. b4 Bb6 5. Bc4 Nf6 6. Nd2 d5 7. Bb5+ c6 8. Bd3
dxe4 9. Bc2 Nd5 10. Nxe4 f5 11. Ne2 fxe4 12. Bxe4 Nxc3 13. Nxc3 Bxd4 14. O-O
Bxc3 15. Qxd8+ Kxd8 16. Rb1 Na6 17. b5 Nc5 18. Bg5+ Kd7 19. Rbd1+ Kc7 20. Rc1
Bd4 21. Bf3 Rf8 22. Be7 Rf5 23. Bh4 Nd3 24. Rcd1 Rxf3 25. gxf3 Bxf2+ 26. Bxf2
Nxf2 27. Rxf2 cxb5 28. Rc2+ Kb8 29. Rd8 a5 30. Rcxc8+ Ka7 31. Rxa8+ Kb6 32. Rd6+
Kc7 33. Rxe6 Kd7 34. Re4 Kd6 35. Rxa5 Kc6 36. Ra8 h5 37. Rg8 Kb6 38. Rxg7 Ka5
39. Rxb7 h4 40. Rxh4 Ka6 41. Rb8 Ka7 42. Rhh8 Ka6 43. Rh5 b4 44. Rhb5 Ka7 45.
Rxb4 Ka6 46. Ra4# 1-0

[Event "Challenge"]
[Site "http://www.queenalice.com/game.php?id=892164"]
[Date "2011.1.28"]
[Round "-"]
[White "ananda"]
[Black "CRICARDOP"]
[Result "1-0"]
[WhiteElo "1704"]
[BlackElo "1100"]

1. e4 e6 2. d4 Bb4+ 3. c3 Bd6 4. Nf3 Nf6 5. e5 Ne4 6. exd6 Nxd6 7. Ne5 Ne4 8.
Qh5 Qf6 9. f3 g6 10. Qh6 Nc6 11. Bg5 Nxg5 12. Ng4 Qf5 13. Qg7 Rf8 14. Nf6+ Ke7
15. Ng8+ Ke8 16. Nh6 Qa5 17. Bd3 Ne7 18. O-O Nf5 19. Bxf5 exf5 20. Ng8 Qd5 21.
Nf6+ Ke7 22. Nxd5+ Ke8 23. Qf6 c6 24. Qe7# 1-0

[Event "Challenge"]
[Site "http://www.queenalice.com/game.php?id=892341"]
[Date "2011.1.28"]
[Round "-"]
[White "CRICARDOP"]
[Black "Mars"]
[Result "0-1"]
[WhiteElo "1100"]
[BlackElo "1589"]

1. e3 e5 2. Nf3 d6 3. Bc4 Be6 4. Bxe6 fxe6 5. a4 Nc6 6. Ra3 d5 7. Rb3 b6 8. Nc3
a6 9. h4 h6 10. Nxe5 Qf6 11. Nxc6 Bc5 12. Nd4 Bxd4 13. exd4 Qxd4 14. Qh5+ Kd7
15. Qf7+ Ne7 16. Qxg7 Qxg7 17. Rh3 Qxg2 18. Rg3 Qh1+ 19. Ke2 Qxc1 20. Kd3 Qh1
21. Rg7 Qxh4 22. Na2 Qc4+ 23. Ke3 Qe4# 0-1

[Event "Challenge"]
[Site "http://www.queenalice.com/game.php?id=892363"]
[Date "2011.1.28"]
[Round "-"]
[White "ananda"]
[Black "CRICARDOP"]
[Result "1-0"]
[WhiteElo "1706"]
[BlackElo "1100"]

1. Nf3 e6 2. e4 d5 3. e5 Nc6 4. d4 Nb4 5. c3 Nc6 6. Bb5 a6 7. Bxc6+ bxc6 8. O-O
c5 9. Be3 cxd4 10. cxd4 Rb8 11. b3 Nh6 12. Nc3 Nf5 13. Bg5 Be7 14. Bxe7 Qxe7 15.
Na4 Rb4 16. Nc5 O-O 17. Qd2 Rb5 18. Rfc1 Nh4 19. Rc3 Nxf3+ 20. Rxf3 f6 21. Qe3
fxe5 22. Rxf8+ Qxf8 23. Qxe5 Qf6 24. f4 Qxe5 25. fxe5 Rb4 26. Rd1 a5 27. a3 Rb5
28. Rf1 c6 29. Rf2 h6 30. Kf1 Kh7 31. Rf8 Ba6 32. Nxa6 Rxb3 33. Nc5 Rxa3 34.
Nxe6 Rd3 35. Nc5 Rxd4 36. e6 a4 37. e7 a3 38. e8=Q Rd1+ 39. Ke2 g5 40. Qf7# 1-0

[Event "Challenge"]
[Site "http://www.queenalice.com/game.php?id=892415"]
[Date "2011.1.28"]
[Round "-"]
[White "moira"]
[Black "CRICARDOP"]
[Result "0-1"]
[WhiteElo "1085"]
[BlackElo "1081"]

1. e4 e6 2. d3 Bb4+ 3. c3 Bc5 4. d4 Bd6 5. e5 Be7 6. Bd3 Nc6 7. Nf3 d6 8. Bg5 f6
9. Be3 fxe5 10. Bg5 exd4 11. cxd4 Nf6 12. Nc3 Rf8 13. Nh4 e5 14. Nf5 Nxd4 15.
Nxg7+ Kf7 16. Nf5 Nxf5 17. Bd2 Rg8 18. O-O Qd7 19. Nb5 c6 20. Na3 Nh4 21. g3 Qh3
22. Re1 Qg2# 0-1

[Event "Challenge"]
[Site "http://www.queenalice.com/game.php?id=893404"]
[Date "2011.1.30"]
[Round "-"]
[White "estella"]
[Black "CRICARDOP"]
[Result "1-0"]
[WhiteElo "1093"]
[BlackElo "1100"]

1. e4 e5 2. d3 Nf6 3. Nf3 Bb4+ 4. Nc3 Ba5 5. Bg5 Bxc3+ 6. bxc3 Qe7 7. d4 Qa3 8.
Bxf6 gxf6 9. dxe5 Qxc3+ 10. Nd2 Nc6 11. exf6 Ne5 12. Bd3 Ng4 13. Qxg4 Qxa1+ 14.
Qd1 Qxa2 15. O-O d6 16. Bc4 Qb2 17. Qh5 Qxf6 18. Re1 O-O 19. e5 dxe5 20. Ne4 Qc6
21. Ng5 Qg6 22. Qh4 Qxc2 23. h3 Bf5 24. Rxe5 Bg6 25. Qf4 Bf5 26. Rxf5 h6 27.
Bxf7+ Kg7 28. Qe5# 1-0

[Event "Challenge"]
[Site "http://www.queenalice.com/game.php?id=895276"]
[Date "2011.2.3"]
[Round "-"]
[White "robby"]
[Black "CRICARDOP"]
[Result "1-0"]
[WhiteElo "1111"]
[BlackElo "1041"]

1. e4 Nf6 2. d3 Ng8 3. Be3 Nf6 4. Nf3 Nc6 5. Nc3 Ng4 6. h3 Nxe3 7. fxe3 Nb8 8.
Nd5 e6 9. Nc3 Nc6 10. d4 Nb4 11. a3 Na6 12. Bd3 Bd6 13. Qe2 Bg3+ 14. Kd2 c6 15.
Ne5 O-O 16. Qh5 Bxe5 17. Qxe5 Qf6 18. Qxf6 gxf6 19. Bxa6 bxa6 20. Rhf1 Rb8 21.
Rxf6 Rxb2 22. d5 cxd5 23. exd5 exd5 24. Raf1 Kg7 25. Rc6 dxc6 26. e4 dxe4 27.
Nxe4 Rd8+ 28. Kc3 Ra2 29. Nc5 Rxa3+ 30. Kb2 Rd5 31. Kxa3 Rxc5 32. Kb4 Rxc2 33.
Rd1 c5+ 34. Kb3 1-0

[Event "Challenge"]
[Site "http://www.queenalice.com/game.php?id=895519"]
[Date "2011.2.3"]
[Round "-"]
[White "CRICARDOP"]
[Black "ananda"]
[Result "0-1"]
[WhiteElo "1100"]
[BlackElo "1708"]

1. d4 Nf6 2. Nf3 g6 3. Nc3 Bg7 4. e4 d6 5. Bd3 O-O 6. O-O Bg4 7. h4 Nbd7 8. e5
dxe5 9. dxe5 Nxe5 10. Ne2 Bxf3 11. gxf3 Nxf3+ 12. Kg2 Nxh4+ 13. Kg1 Qd5 14. f3
Nxf3+ 15. Kf2 Nh2 16. Rh1 Qf3+ 17. Kg1 Nfg4 18. Rxh2 Bd4+ 19. Be3 Bxe3+ 20. Rf2
Qxf2+ 21. Kh1 Qh2# 0-1

[Event "Challenge"]
[Site "http://www.queenalice.com/game.php?id=897532"]
[Date "2011.2.8"]
[Round "-"]
[White "cucalegal"]
[Black "CRICARDOP"]
[Result "1-0"]
[WhiteElo "1420"]
[BlackElo "1097"]

1. e4 Nf6 2. d3 Ng8 3. Nc3 Nc6 4. d4 e6 5. d5 Nb4 6. a3 Na6 7. dxe6 dxe6 8. b4
Qxd1+ 9. Kxd1 Nf6 10. Bb5+ c6 11. Bd3 c5 12. b5 Nc7 13. Na4 Ng4 14. Ke1 1-0

[Event "Challenge"]
[Site "http://www.queenalice.com/game.php?id=899286"]
[Date "2011.2.12"]
[Round "-"]
[White "moira"]
[Black "CRICARDOP"]
[Result "1-0"]
[WhiteElo "1253"]
[BlackElo "1021"]

1. e4 e6 2. d4 Nc6 3. Nf3 Nf6 4. e5 Ne4 5. Bd3 Bb4+ 6. c3 Ba5 7. Bxe4 b6 8. Bg5
f6 9. exf6 gxf6 10. Bxc6 dxc6 11. Ne5 fxg5 12. Nxc6 Qd5 13. Qh5+ Kd7 14. Ne5+
Kd6 15. Nd2 Qxg2 16. Ndc4+ Kd5 17. Ke2 Rf8 18. b4 Qxf2+ 19. Kd1 Qg2 20. Qf3+
Rxf3 21. Nxf3 Qxh1+ 22. Ne1 Qxh2 23. bxa5 Kxc4 24. Rc1 Bb7 25. Rc2 Qf4 26. Rb2
Kxc3 27. Re2 1-0

[Event "Challenge"]
[Site "http://www.queenalice.com/game.php?id=899288"]
[Date "2011.2.12"]
[Round "-"]
[White "CRICARDOP"]
[Black "moira"]
[Result "0-1"]
[WhiteElo "1028"]
[BlackElo "1246"]

1. e3 e5 2. Nc3 Nf6 3. Nf3 e4 4. Ne5 d6 5. Ng4 Bxg4 6. f3 Bh5 7. Bb5+ c6 8. Ba4
exf3 9. gxf3 b5 10. Bb3 c5 11. Nxb5 a6 12. Nc3 Nc6 13. Nd5 Nxd5 14. Bxd5 Qh4+
15. Ke2 Rc8 16. Rg1 Be7 17. Rxg7 Kd7 18. c3 Bf6 19. Rg2 Ne5 20. Qa4+ Ke7 21.
Qxa6 Rc7 22. Qa5 Rhc8 23. Rg8 Qxh2+ 24. Kd1 Bxf3+ 25. Bxf3 Rxg8 0-1

[Event "Challenge"]
[Site "http://www.queenalice.com/game.php?id=901593"]
[Date "2011.2.16"]
[Round "-"]
[White "CRICARDOP"]
[Black "thotares"]
[Result "0-1"]
[WhiteElo "1070"]
[BlackElo "1872"]

1. d4 d5 2. c3 Nf6 3. Qa4+ c6 4. Bf4 Qb6 5. Na3 Bf5 6. Nf3 Qxb2 7. Rd1 e5 8.
Nxe5 Qxc3+ 9. Rd2 Bxa3 10. Nd3 Bxd3 11. exd3 Bc1 12. Kd1 Bxd2 13. Bxd2 Qa1+ 14.
Ke2 O-O 15. Qb4 Re8+ 16. Be3 Qxa2+ 17. Ke1 Na6 18. Qxb7 Rab8 19. Qxc6 Rb1+ 20.
Qc1 Rxc1# 0-1

[Event "Challenge"]
[Site "http://www.queenalice.com/game.php?id=906211"]
[Date "2011.2.27"]
[Round "-"]
[White "Ricardoabreu"]
[Black "CRICARDOP"]
[Result "1-0"]
[WhiteElo "1342"]
[BlackElo "1086"]

1. e3 Nf6 2. Qf3 e5 3. b3 Nc6 4. Bb2 Nb4 5. Qd1 Ne4 6. f3 Ng5 7. Bxe5 d6 8. Bc3
Nd5 9. Bb2 Nb4 10. a3 Nd5 11. f4 Ne4 12. Bd3 Qh4+ 13. g3 Nxg3 14. Nf3 Qh5 15.
Nd4 Qxd1+ 16. Kxd1 Nxh1 17. Ke2 Bg4+ 18. Kf1 Be7 19. Kg2 Bh4 20. Kxh1 a5 21. Nb5
O-O 22. c4 Bf2 23. Kg2 Bh4 24. h3 Bh5 25. N1c3 Nxc3 26. Nxc3 Rae8 27. Be2 Bxe2
28. Nxe2 Bf6 29. Bxf6 gxf6 30. Nd4 Re4 31. Nb5 Kh8 32. Nxc7 Rg8+ 33. Kf3 f5 34.
Nb5 Rd8 35. Rg1 Rg8 36. Rxg8+ Kxg8 37. Nxd6 Re6 38. Nxb7 Re7 39. Nxa5 Rd7 40.
Ke2 Ra7 41. b4 Ra6 42. Kd3 h5 43. c5 h4 44. Kc4 Rg6 45. c6 Rg3 46. c7 Rxh3 47.
c8=Q+ Kg7 48. Qxf5 Rf3 49. Qg5+ Kf8 50. Qxh4 Rf1 51. Qd8+ Kg7 52. b5 f6 53. b6
f5 54. b7 Kg6 55. b8=Q Kh5 56. Qh8+ Kg4 57. Qbg8+ Kf3 58. Qd5+ Kg4 59. Qg2# 1-0

[Event "Challenge"]
[Site "http://www.queenalice.com/game.php?id=906212"]
[Date "2011.2.27"]
[Round "-"]
[White "CRICARDOP"]
[Black "Ricardoabreu"]
[Result "0-1"]
[WhiteElo "1075"]
[BlackElo "1345"]

1. e3 b6 2. Nc3 Bb7 3. Nb1 g6 4. Nc3 Bg7 5. Qg4 f5 6. Qg3 Nf6 7. Qe5 Nh5 8. Qb5
Ba6 9. Qd5 c6 10. Qb3 Bxf1 11. Kxf1 Na6 12. Nf3 Nc5 13. Qc4 d5 14. Qb4 O-O 15.
Ng5 f4 16. Na4 Nxa4 17. Qxa4 Qd6 18. e4 Bh6 19. exd5 Qxd5 20. Ne4 f3 21. gxf3
Rxf3 22. Nc3 Qd6 23. b3 Raf8 24. Ne4 Qc7 25. d4 Bg7 26. Ng5 Rxf2+ 27. Ke1 R8f6
28. Qc4+ e6 29. Nxe6 Qe7 30. Be3 b5 31. Qxc6 Rxe6 32. Qc8+ Bf8 33. Kxf2 Qf6+ 34.
Ke2 Qe7 35. Qc3 Nf4+ 36. Kd2 Ng2 37. d5 Rxe3 38. Qd4 Bh6 39. d6 Re6+ 40. Kc3
Rxd6 41. Qc5 Bg7+ 42. Kb4 Bxa1 43. Rxa1 Qh4+ 44. Kxb5 Rb6+ 45. Ka5 Qf6 46. Rg1
Re6 47. Rxg2 Re5 48. Qxe5 Qxe5+ 49. Ka6 Qd6+ 50. Kxa7 Qc5+ 51. Kb7 Qd5+ 52. Kb6
Qxg2 53. a4 Qxc2 54. a5 Qxb3+ 55. Ka7 Qe3+ 56. Kb7 Qh3 57. a6 Qxh2 58. a7 Qg2+
59. Kb8 h5 60. a8=Q Qxa8+ 61. Kxa8 h4 62. Kb8 h3 63. Kb7 h2 64. Kc7 g5 65. Kc6
g4 0-1

[Event "Challenge"]
[Site "http://www.queenalice.com/game.php?id=909924"]
[Date "2011.3.7"]
[Round "-"]
[White "edemarc"]
[Black "CRICARDOP"]
[Result "1-0"]
[WhiteElo "1506"]
[BlackElo "1088"]

1. e4 Nf6 2. Nc3 Nc6 3. Nf3 e5 4. d3 Bb4 5. Be2 Nd4 6. O-O Nxe2+ 7. Qxe2 Ng4 8.
Bg5 Be7 9. h3 Bxg5 10. hxg4 d6 11. Rad1 Bxg4 12. Nd5 c6 13. Ne3 Bh5 14. c4 Bxf3
15. Qxf3 O-O 16. Nf5 d5 17. Rfe1 dxe4 18. dxe4 Qa5 19. a3 Rad8 20. b4 Qa4 21.
Rd6 Rxd6 22. Nxd6 Bd2 23. Rf1 b5 24. Rd1 Bf4 25. c5 Rd8 26. Qh5 g6 27. Qf3 Qc2
28. g3 Bh6 29. Qxf7+ Kh8 30. Qf6+ Bg7 31. Qxd8+ Bf8 32. Qxf8# 1-0

[Event "Challenge"]
[Site "http://www.queenalice.com/game.php?id=912573"]
[Date "2011.3.14"]
[Round "-"]
[White "shanforchess"]
[Black "CRICARDOP"]
[Result "1-0"]
[WhiteElo "1236"]
[BlackElo "1058"]

1. e4 e5 2. Nf3 Nc6 3. Nc3 Nf6 4. d4 exd4 5. Nxd4 Nxd4 6. Qxd4 Qe7 7. Ne2 Nxe4
8. Nc3 Nxc3+ 9. Be3 Ne4 10. O-O-O Qh4 11. Bd3 Bc5 12. Qxe4+ Qxe4 13. Bxe4 Bxe3+
14. fxe3 O-O 15. Rd5 Re8 16. Rd4 c5 17. Rc4 d6 18. Bd5 Rxe3 19. Rd1 Be6 20. Rc3
Bxd5 21. Rxd5 Re2 22. Rd2 Re1+ 23. Rd1 Rxd1+ 24. Kxd1 Re8 25. a3 Re4 26. Kd2 d5
27. Re3 Rxe3 28. Kxe3 b5 29. c3 d4+ 30. cxd4 cxd4+ 31. Kxd4 1-0

[Event "Challenge"]
[Site "http://www.queenalice.com/game.php?id=914406"]
[Date "2011.3.18"]
[Round "-"]
[White "shanforchess"]
[Black "CRICARDOP"]
[Result "1-0"]
[WhiteElo "1226"]
[BlackElo "1068"]

1. e4 Nc6 2. d4 e5 3. dxe5 Nxe5 4. f4 Nc6 5. Nf3 Nb4 6. Nd4 Qh4+ 7. g3 Qf6 8. e5
Qg6 9. a3 Qe4+ 10. Qe2 Qxh1 11. axb4 d6 12. Qg2 Qxg2 13. Bxg2 dxe5 14. fxe5
Bxb4+ 15. c3 Bc5 16. b4 Bxd4 17. cxd4 Nh6 18. Bxh6 gxh6 19. Nd2 Rg8 20. Ne4 Bf5
21. Nf6+ 1-0